Países que Limitan con Brasil - Estadísticas

Estadísticas generales
  • Esta prueba ha sido intentada 7.079 veces
  • La puntuación promedio es 10 de 10
Estadísticas de respuestas
Longitud País % Correcto
1,261 km Argentina
99%
3,423 km Bolivia
98%
1,644 km Colombia
98%
1,365 km Paraguay
98%
1,068 km Uruguay
98%
2,200 km Venezuela
98%
2,995 km Perú
97%
1,606 km Guyana
96%
593 km Surinam
95%
730 km Francia (Guayana Francesa)
85%
No se encontraron pruebas coincidentes
Distribución de puntuación
Porcentaje de gente con cada puntuación
Porcentaje por número respondido
Historial de tus puntuaciones
No has intentado esta prueba.